00731nam a2200217 a 450000100060000000300080000600500170001400800410003103500190007204000260009104100080011708200290012510000290015424500800018326000510026330000360031449000540035050400260040465000280043083000550045865341BD-RjUL20211209081418.0170304s1965 pk abh b 000 0 eng  a(BD-RjUL)65471 aDLCcOUdBD-RjULbeng aeng 223a954.008297bKHH 19652 aAhmad Khan, Muin-ud-din.10aHistory of the Faraʾidi movement in Bengal, 1818-1906. /cMuin-ud-din Khan aKarachi :bPakistan Historical Society,c1965. acxvii, 169 p. :bill. ;c25 cm.1 aPakistan Historical Society. Publication,vno. 41 aIncludes bibliography 0aMuslimszIndiavBengal. 0aPakistan Historical Society publication ;vno. 41.